Der Teutsche Merkur

Bibliographic Details
New Title:Der neue teutsche Merkur
Other Authors: Wieland, Christoph Martin (Editor)
Format: Journal
Language:German
PhysicalDescription:20 cm
Published: Frankfurt Leipzig Im Verlag der Gesellschaft 1773
Weimar bey Carl Ludolf Hoffmann
Weimar [Vydavateľ nie je známy]
Subjects:

MARC

LEADER 00000nas a2200000 4500
001 vtls012277712
003 SK-MaSNL
005 20260228160047.0
008 250606d17731789gw mr p 000 b0ger
015 |a SNBHFB 
040 |a SNKHF  |b slo  |c SNKHF  |e rda 
041 0 |a ger 
044 |a gw  |c DE 
072 7 |a 821.112.2  |x Nemecká literatúra, nemecky písaná  |2 konspekt 
080 |a (051)-048.55  |2 2011 
080 |a 821.112.2  |2 2011 
245 0 0 |a Der Teutsche Merkur 
264 1 |a Frankfurt  |a Leipzig  |b Im Verlag der Gesellschaft  |c 1773 
264 2 1 |3 1774-1775  |a Weimar  |b bey Carl Ludolf Hoffmann 
264 1 |3 1776-1781, 1783  |a Weimar  |b [Vydavateľ nie je známy] 
300 |a 20 cm 
310 |a 1x mesačne 
336 |a text  |b txt  |2 rdacontent 
337 |a bez média  |b n  |2 rdamedia 
338 |a zväzok  |b nc  |2 rdacarrierr 
362 0 |a Rok 1773-[rok1789]  |z ZDB/2025 
500 |a Editor: Christoph Martin Wieland 
500 |a č. 1/1773 - Der Deutsche Merkur 
546 |a Nemčina  |b Fraktúra 
561 |a Proveniencia: pečiatka Dr. E. Kadarász - ver. not. poz. Margity Zayovej Čís. 11664-11667.  |5 SNK ČD 2606/1774 
561 |a Proveniencia: pečiatka Dr. E. Kadarász - ver. not. poz. Margity Zayovej Čís. 11668-11671.  |5 SNK ČD 2606/1775 
561 |a Proveniencia: pečiatka Dr. E. Kadarász - ver. not. poz. Margity Zayovej Čís. 11672-11673.  |5 SNK ČD 2606/1776 
561 |a Proveniencia: pečiatka Dr. E. Kadarász - ver. not. poz. Margity Zayovej Čís. 11674-11675.  |5 SNK ČD 2606/1777 
561 |a Proveniencia: pečiatka Dr. E. Kadarász - ver. not. poz. Margity Zayovej Čís. 11676-11677.  |5 SNK ČD 2606/1778 
561 |a Proveniencia: pečiatka Dr. E. Kadarász - ver. not. poz. Margity Zayovej Čís. 11678-11688.  |5 SNK ČD 2606/1779 
561 |a Proveniencia: pečiatka Dr. E. Kadarász - ver. not. poz. Margity Zayovej Čís. 11689-11698.  |5 SNK ČD 2606/1780 
561 |a Proveniencia: pečiatka Dr. E. Kadarász - ver. not. poz. Margity Zayovej Čís. 11699-11700.  |5 SNK ČD 2606/1781 
561 |a Proveniencia: pečiatka Dr. E. Kadarász - ver. not. poz. Margity Zayovej Čís. 11701-11702.  |5 SNK ČD 2606/1783 
561 |a Proveniencia: pečiatka Dr. E. Kadarász - ver. not. poz. Margity Zayovej Čís. 11703-11704.  |5 SNK ČD 2606/1784 
563 |a Rukopisné poznámky.  |5 SNK ČD 2606 
650 0 7 |a nemecká literatúra  |2 SNKPH  |9 1195 
655 7 |a špecializované časopisy  |2 SNKPH  |9 70509 
700 1 |a Wieland, Christoph Martin  |4 edt  |9 265879 
700 1 |a Hoffmann, Carl Ludolf  |4 pbl  |9 265880 
752 |a Nemecko  |d Weimar 
785 0 0 |t Der neue teutsche Merkur 
852 |a snk  |b Zaiova knižnica: Zay 11182-11219  |p ČD 2606/1774-1781 
852 |a snk  |b Zaiova knižnica: Zay 11220-11169  |p ČD 2606/1783 
852 |a snk  |b Zaiova knižnica: Zay 11170-11171  |p ČD 2606/1784 
958 |a DD 
999 |c 1272  |d 3202 
952 |0 0  |1 0  |4 0  |7 0  |8 5  |a SNK  |b SNK  |c SNK_HF  |d 2025-06-06  |i snk2025/8994  |l 0  |o snkČD 2606/1773  |p 17A1489840  |r 2026-02-21 22:33:41  |t Zay 11182  |w 2026-02-21  |y PREZ 
952 |0 0  |1 0  |4 0  |7 0  |8 5  |a SNK  |b SNK  |c SNK_HF  |d 2025-06-06  |i snk2025/8997  |l 0  |o snkČD 2606/1774/1  |p 17A1489839  |r 2026-02-21 22:33:41  |t Zay 11183  |w 2026-02-21  |y PREZ 
952 |0 0  |1 0  |4 0  |7 0  |8 5  |a SNK  |b SNK  |c SNK_HF  |d 2025-06-06  |i snk2025/9000  |l 0  |o snkČD 2606/1774/2  |p 17A1489838  |r 2026-02-21 22:33:41  |t Zay 11184  |w 2026-02-21  |y PREZ 
952 |0 0  |1 0  |4 0  |7 0  |8 5  |a SNK  |b SNK  |c SNK_HF  |d 2025-06-06  |i snk2025/9001  |l 0  |o snkČD 2606/1774/3  |p 17A1489837  |r 2026-02-21 22:33:41  |t Zay 11185  |w 2026-02-21  |y PREZ 
952 |0 0  |1 0  |4 0  |7 0  |8 5  |a SNK  |b SNK  |c SNK_HF  |d 2025-06-06  |i snk2025/9002  |l 0  |o snkČD 2606/1774/4  |p 17A1489836  |r 2026-02-21 22:33:41  |t Zay 11186  |w 2026-02-21  |y PREZ 
952 |0 0  |1 0  |4 0  |7 0  |8 5  |a SNK  |b SNK  |c SNK_HF  |d 2025-06-06  |i snk2025/9003  |l 0  |o snkČD 2606/1775/1  |p 17A1489835  |r 2026-02-21 22:33:41  |t Zay 11187  |w 2026-02-21  |y PREZ 
952 |0 0  |1 0  |4 0  |7 0  |8 5  |a SNK  |b SNK  |c SNK_HF  |d 2025-06-06  |i snk2025/9004  |l 0  |o snkČD 2606/1775/2  |p 17A1489834  |r 2026-02-21 22:33:42  |t Zay 11188  |w 2026-02-21  |y PREZ 
952 |0 0  |1 0  |4 0  |7 0  |8 5  |a SNK  |b SNK  |c SNK_HF  |d 2025-06-06  |i snk2025/9007  |l 0  |o snkČD 2606/1775/3  |p 17A1489833  |r 2026-02-21 22:33:42  |t Zay 11189  |w 2026-02-21  |y PREZ 
952 |0 0  |1 0  |4 0  |7 0  |8 5  |a SNK  |b SNK  |c SNK_HF  |d 2025-06-06  |i snk2025/9012  |l 0  |o snkČD 2606/1775/4  |p 17A1489832  |r 2026-02-21 22:33:42  |t Zay 11190  |w 2026-02-21  |y PREZ 
952 |0 0  |1 0  |4 0  |7 0  |8 5  |a SNK  |b SNK  |c SNK_HF  |d 2025-06-06  |i snk2025/9013  |l 0  |o snkČD 2606/1776/1  |p 17A1489831  |r 2026-02-21 22:33:42  |t Zay 11191  |w 2026-02-21  |y PREZ 
952 |0 0  |1 0  |4 0  |7 0  |8 5  |a SNK  |b SNK  |c SNK_HF  |d 2025-06-06  |i snk2025/9014  |l 0  |o snkČD 2606/1776/2  |p 17A1489830  |r 2026-02-21 22:33:42  |t Zay 11192  |w 2026-02-21  |y PREZ 
952 |0 0  |1 0  |4 0  |7 0  |8 5  |a SNK  |b SNK  |c SNK_HF  |d 2025-06-06  |i snk2025/9015  |l 0  |o snkČD 2606/1777/1  |p 17A1489829  |r 2026-02-21 22:33:42  |t Zay 11193  |w 2026-02-21  |y PREZ 
952 |0 0  |1 0  |4 0  |7 0  |8 5  |a SNK  |b SNK  |c SNK_HF  |d 2025-06-06  |i snk2025/9016  |l 0  |o snkČD 2606/1777/2  |p 17A1489828  |r 2026-02-21 22:33:42  |t Zay 11194  |w 2026-02-21  |y PREZ 
952 |0 0  |1 0  |4 0  |7 0  |8 5  |a SNK  |b SNK  |c SNK_HF  |d 2025-06-06  |i snk2025/9018  |l 0  |o snkČD 2606/1778/1  |p 17A1489827  |r 2026-02-21 22:33:42  |t Zay 11195  |w 2026-02-21  |y PREZ 
952 |0 0  |1 0  |4 0  |7 0  |8 5  |a SNK  |b SNK  |c SNK_HF  |d 2025-06-06  |i snk2025/9021  |l 0  |o snkČD 2606/1778/2  |p 17A1489826  |r 2026-02-21 22:33:42  |t Zay 11196  |w 2026-02-21  |y PREZ 
952 |0 0  |1 0  |4 0  |7 0  |8 5  |a SNK  |b SNK  |c SNK_HF  |d 2025-06-06  |i snk2025/9023  |l 0  |o snkČD 2606/1779  |p 17A1489825  |r 2026-02-21 22:33:42  |t Zay 11197-11207  |w 2026-02-21  |y PREZ 
952 |0 0  |1 0  |4 0  |7 0  |8 5  |a SNK  |b SNK  |c SNK_HF  |d 2025-06-06  |i snk2025/9024  |l 0  |o snkČD 2606/1780  |p 17A1489824  |r 2026-02-21 22:33:42  |t Zay 11208-11217  |w 2026-02-21  |y PREZ 
952 |0 0  |1 0  |4 0  |7 0  |8 5  |a SNK  |b SNK  |c SNK_HF  |d 2025-06-06  |i snk2025/9025  |l 0  |o snkČD 2606/1781/1  |p 17A1489823  |r 2026-02-21 22:33:42  |t Zay 11218  |w 2026-02-21  |y PREZ 
952 |0 0  |1 0  |4 0  |7 0  |8 5  |a SNK  |b SNK  |c SNK_HF  |d 2025-06-06  |i snk2025/9027  |l 0  |o snkČD 2606/1781/2  |p 17A1489822  |r 2026-02-21 22:33:42  |t Zay 11219  |w 2026-02-21  |y PREZ 
952 |0 0  |1 0  |4 0  |7 0  |8 5  |a SNK  |b SNK  |c SNK_HF  |d 2025-06-06  |i snk2025/9028  |l 0  |o snkČD 2606/1783/1  |p 17A1489821  |r 2026-02-21 22:33:42  |t Zay 11220  |w 2026-02-21  |y PREZ 
952 |0 0  |1 0  |4 0  |7 0  |8 5  |a SNK  |b SNK  |c SNK_HF  |d 2025-06-06  |i snk2025/9029  |l 0  |o snkČD 2606/1783/2  |p 17A1489820  |r 2026-02-21 22:33:42  |t Zay 11169  |w 2026-02-21  |y PREZ 
952 |0 0  |1 0  |4 0  |7 0  |8 5  |a SNK  |b SNK  |c SNK_HF  |d 2025-06-06  |i snk2025/9030  |l 0  |o snkČD 2606/1784/1  |p 17A1489819  |r 2026-02-21 22:33:42  |t Zay 11170  |w 2026-02-21  |y PREZ 
952 |0 0  |1 0  |4 0  |7 0  |8 5  |a SNK  |b SNK  |c SNK_HF  |d 2025-06-06  |i snk2025/9031  |l 0  |o snkČD 2606/1784/2  |p 17A1489818  |r 2026-02-21 22:33:43  |t Zay 11171  |w 2026-02-21  |y PREZ